Catàleg Centre de Documentació, Biblioteca CERC / realització Rafael Elvira i Igual, Inés Montobbio Martorell
Publicado:
Barcelona :
Diputació de Barcelona, Servei de Cultura, Centre d'Estudis i Recursos Culturals (CERC) ,
1989
Descripción Física:
224 p. ; 30 cm
Otros Autores:
Montobbio Martorell, Inés
MARC
| LEADER | 00000nam a2200000Ia 4500 | ||
|---|---|---|---|
| 001 | 12293 | ||
| 008 | 160829s1989 xx 000 0 cat d | ||
| 080 | |a A-1-95 | ||
| 100 | |a Elvira i Igual, Rafael |9 20651 | ||
| 245 | |a Catàleg Centre de Documentació, Biblioteca CERC / realització Rafael Elvira i Igual, Inés Montobbio Martorell | ||
| 250 | |a Ed. experimental, núm. 0 | ||
| 260 | |a Barcelona : |b Diputació de Barcelona, Servei de Cultura, Centre d'Estudis i Recursos Culturals (CERC), |c 1989 | ||
| 300 | |a 224 p. ; |c 30 cm | ||
| 650 | |a Centre d'Estudis i Recursos Culturals (Barcelona). Biblioteca |x Catàlegs |9 20652 | ||
| 700 | |a Montobbio Martorell, Inés |9 20653 | ||
| 710 | 1 | |a Barcelona (Catalunya : Província). |b Centre d'Estudis i Recursos Culturals |9 52487 | |
| 710 | 1 | |a Barcelona (Catalunya : Província). |b Servei de Cultura |9 54401 | |
| 901 | |a Arxiu | ||
| 942 | |n 1 | ||
| 952 | |0 0 |1 0 |4 0 |6 A195 |7 1 |9 41620 |a Arxiu |b Arxiu |d 2016-12-01 |l 0 |o A-1-95 |p 12293 |r 2016-12-01 00:00:00 |w 2016-12-01 |y ARXIU | ||
| 999 | |c 43510 |d 43510 | ||